000
00272nam a22001097a 4500
082
_a
925 AUT'D
100
_a
DARWIN, FRANCIS
_9
57590
245
_a
THE AUTOBIOGRAPHY OF CHARLES DARWIN AND SELECTED LETTERS
260
_a
NEWYORK
_b
DOSER
_c
1958
300
_a
365P
942
_c
BK
999
_c
567862
_d
567862